000 00257nam a2200121Ia 4500
100 _a#N/A
942 _cBK
654 _aINDUSTRIAL PRODUCTS
245 _aINDUSTRIAL PRODUCTS FINDER -ANNUAL 2002
260 _bI.P.F.
082 _bI.P.F.
546 _aENGLISH
999 _c32055
_d32055